MDQL
is popping MORE tags! Check the
thread
!
Quizzes
Events
Quiz Creation
Community
Videos
Private Events
Remove Ads
Sign In
Join for FREE
Feedback
Dark Mode
Quiz Categories
Sports
Geography
Music
Movies
Television
Just For Fun
Miscellaneous
History
Literature
Language
Science
Gaming
Entertainment
Religion
Holiday
For Kids
Quiz Lab
Recent
Popular Today
Quiz Kudos Today
Editor Picks
Curator Picks
Quizzes by...
Day
Popularity
Type
Ratings
Length
Year
Community
Subscriptions
Recent Discussions
Orange Saloon
Badges
Playlists
Quests
Create
Leaderboards
Showdown
Live 5
Trivia Bingo
Activity
Puzzle Library
Sporcle Events
Private Events
Virtual Trivia
Globe League
Become a Host
Pub Owners
SporcleCon
Opinionation
Our Games
Videos
Blog
Mobile Apps
Partnerships
Remove Ads and Go Orange
Feedback
Gaming
Video Games
Board Games
Card Games
Pokémon
Mario
Nintendo
Minecraft
Console
Toys
Legend of Zelda
Gaming
Video Games
Board Games
Card Games
Pokémon
Mario
Nintendo
Minecraft
Console
Toys
Legend of Zelda
Random Quiz
Search Sporcle
×
Quiz Lab
Quiz Lab
Gaming
emblem
Type in answers that appear in a list
Type in answers that appear in a list
Classic
Best Score? Go Orange.
Fire Emblem Blazing Sword Characters Stats
Can you name the Fire Emblem Blazing Sword Characters ?
By
kshrike
15m
44 Questions
345 Plays
345 Plays
345 Plays
Comments
Comments
Give Quiz Kudos
Give Quiz Kudos
-
- Ratings
hide this ad
Replay
Link that replays current quiz
Next Quiz
Link to next quiz in quiz playlist
You Got
0%
They Got
Avg Score
82%
Avg Friend Score
Upgrade to see
Score Distribution
Jump to the score distribution portion of the page
Score
0/44
Timer
15:00
0
Plays Today
character
% Correct
Lyn
97.7%
Eliwood
97.4%
Hector
96.5%
Kent
92.7%
Serra
92.4%
Florina
92.4%
Sain
92.2%
Erk
91%
Matthew
90.1%
Marcus
89%
Rebecca
87.8%
Lucius
87.8%
Ninian
87.8%
Raven
87.5%
Wil
87.5%
Dorcas
87.5%
Oswin
85.8%
PENT
85.8%
Nino
85.5%
Nils
85.5%
Fiora
85.5%
Priscilla
84.9%
character
% Correct
Bartre
84.9%
Jaffar
83.7%
LOUISE
83.7%
Wallace
83.4%
Lowen
82.8%
Farina
81.4%
Rath
80.8%
Athos
80.8%
Guy
80.5%
HAWKEYE
80.2%
Dart
79.9%
Karel
79.4%
Canas
79.4%
Legault
78.2%
Heath
77.9%
Isadora
76.7%
Vaida
75.3%
Karla
75%
Harken
73.8%
Renault
73.3%
Geitz
69.2%
2.3%
Quiz Playlist
Details
Report
Send in Message
Add To Playlist
Classic:
Type in answers that appear in a list
Last Updated: Feb 16, 2017
Quiz Scoreboard
CHALLENGE
Sign Up to Join the Scoreboard
Show All
Scores
Hide
Comments
May contain spoilers
Recently Published
Street Fighter Characters
by Artimus82
Gaming
60s
9x9 Crossword: Cartoon Network
by jackfrog10
Miscellaneous
3m
College Basketball Coaching Resumes
by pancakes188
Sports
9m
More to Explore
Quiz From the Vault
Featured Blog Post
Where Did the Easter Bunny Come From?
hide this ad
You Might Also Like...
Tags
Blazing
Blazing Sword
Character
emblem
fire
Fire Emblem
Sword
Today's Top Quizzes in Gaming
Browse Gaming
hide this ad
Today's Top Quizzes in emblem
Browse emblem
Top Contributed Quizzes in Gaming
1
5-to-1: Consoles
2
7-to-1: Board Game Piece Blitz
3
5-to-1: Legend of Zelda
4
League of Legends Pro Players by Career/Team History
5
Destiny 2 exotic weapons by perk icons
6
Ultimate Genshin Impact Logic Puzzle (up to 4.3)
7
Franchise by Action Figure
8
Who's on the WWE 2K24 Cover?
9
Genshin Impact Logic Puzzle Quiz
10
Order the Pokémon Regions
Explore More
Trending Topics
Anime
Harry Potter
Disney
Kpop
Crossword
NBA
Marvel
The Office
NFL
Song
Puzzle
WWE
Soccer
Pokémon
Country
hide this ad
More By:
kshrike
Quiz
Plays
Rating
Category
Featured
Created
Fire Emblem Blazing Sword Characters
345
2.50
Gaming
Dec 5, 2009
Go to Creator's Profile
Score Distribution
Quiz Creator Spotlight
kshrike
Follow
Send a Message
Quizzes Created
-
Created Quiz Play Count
-
More By This Creator
Popular Quizzes Today
1
Find the US States - No Outlines Minefield
2
Find the Countries of Europe - No Outlines Minefield
3
The Countries of the World
4
Find the US States
5
Risky Map Clicking: Biggest States A-Z
6
US States
7
Popular People in 1961
8
Movies - When Are They Set?
More Gaming Quizzes
Kingdom Hearts Chain of Memories: Vexen's End
Quiz Lab
Trending Quizzes
Risky Map Clicking: Least Populous States A-Z
Countries of the World: 200 Million BC
1-10 Letter G Words
Risky Map Clicking: Next State Alphabetically
Adjectives in 80s TV Shows
Recently Updated
Leaping Animals
pecheneg
Reality TV Shows (A-Z)
bhenderson79
Rickey Henderson's Hall of Fame Teammates
pecheneg
Champions League XIs: Arsenal
pecheneg
Quick Pick: Celebrities in WWE's Hall of Fame
aduchscher
A-Z Keypad Blitz II
pecheneg
Multiple Oscar Actors
pecheneg
Mystery Phrase Blitz: Oscar 'Best Actors'
pecheneg
F. Scott Fitzgerald Novels
LTH
Pick 3 Villains
ddd62291
Trending Topics
Crossword
Disney
Harry Potter
Marvel
NBA
Anime
Kpop
WWE
Song
Pokémon
Soccer
Puzzle
Country
The Office
NFL
Your Account Isn't Verified!
In order to create a playlist on Sporcle, you need to verify the email address you used during registration. Go to your
Sporcle Settings
to finish the process.
Report this User
Report this user for behavior that violates our
Community Guidelines
.
Details:
Send Report
Go to the Sporcle.com Mobile Site →
Comments